Normal view
MARC view
- CRAWFORD, ROBERT H
Entry Personal Name
001 - CONTROL NUMBER
- control field: 79351
003 - CONTROL NUMBER IDENTIFIER
- control field: NUST
005 - DATE AND TIME OF LATEST TRANSACTION
- control field: 20210628210425.0
008 - FIXED-LENGTH DATA ELEMENTS
- fixed length control field: 210628|| aca||aabn | a|a d
040 ## - CATALOGING SOURCE
- Original cataloging agency: NUST
- Transcribing agency: NUST
100 ## - HEADING--PERSONAL NAME
- Personal name: CRAWFORD, ROBERT H
670 ## - SOURCE DATA FOUND
- Source citation: Work cat.: (NUST): CRAWFORD, ROBERT H, MOSFET IN CIRCUIT DESIGN METAL OXIDE SEMICONDUCTOR FIELDS EFFECTS TRANSISTORS FOR DISCRETE AND INTEGRATED CIRCUITS TECHNOLOGY, 1967
